000 00920nam a22002537a 4500
005 20240530110438.0
008 150414s2012 ua c 000 0 ara d
017 _a2011/14213
020 _a9771444131
040 _aEG-CaGPL
082 0 4 _221
_a962.1
_bط/ج س
100 0 _aجهان ممدوح مأمون.
245 1 0 _aرشيد مدينة التاريخ /
_cتاليف جهان ممدوح مأمون ؛ تقديم احمد عبدالرازق احمد.
250 _aط1.
260 _aالقاهرة :
_bنهضة مصر للطباعة والنشر والتوزيع ،
_c2012.
300 _a80 ص ؛
_c28 سم.
490 _aسلسلة مدن مصرية
650 0 4 _aالصناعات القديمة.
650 0 4 _aالامثال الشعبية.
650 0 4 _aالحملة الفرنسية.
650 0 4 _aالبيوت الاثرية.
942 _2ddc
_cBK
999 _c60993
_d60993